00644nab a2200181uuc4500001000800000005001700008008004100025035001200066035002100078040001300099041000800112100004200120245010400162650003000266650003300296650002700329773010600356114052520240202091927.0090504s2007 spa  a1140525 a(OCoLC)820467664 ccomduadb aspa10aSarmiento Klapper, Hellmuth4auteaut10aUtilizacion de la tecnica de ruido electroquimico para la investigacion y monitoreo de la corrosion aControl de la corrosión aCorrosión electroquímica aRuido electroquímico0 tIngeniería y Desarrollo (Barranquilla)gNo. 21, Ene.-Jun. 2007, p. 56-72w578380x0122-34610143969